<?xml version="1.0" encoding="UTF-8"?>
<record
    xmlns:xsi="http://www.w3.org/2001/XMLSchema-instance"
    xsi:schemaLocation="http://www.loc.gov/MARC21/slim http://www.loc.gov/standards/marcxml/schema/MARC21slim.xsd"
    xmlns="http://www.loc.gov/MARC21/slim">

  <leader>00418nam a22001697a 4500</leader>
  <controlfield tag="003">OSt</controlfield>
  <controlfield tag="005">20210826105503.0</controlfield>
  <controlfield tag="008">210826b        |||||||| |||| 00| 0 eng d</controlfield>
  <datafield tag="020" ind1=" " ind2=" ">
    <subfield code="a">81-203-1124-8</subfield>
  </datafield>
  <datafield tag="040" ind1=" " ind2=" ">
    <subfield code="c">hu</subfield>
  </datafield>
  <datafield tag="082" ind1=" " ind2=" ">
    <subfield code="a">519.520723</subfield>
  </datafield>
  <datafield tag="100" ind1=" " ind2=" ">
    <subfield code="a">Parimal Mukhopabhyay</subfield>
    <subfield code="9">417</subfield>
  </datafield>
  <datafield tag="245" ind1=" " ind2=" ">
    <subfield code="a">THEORY and METHODS of SURVEY SAMPLING</subfield>
  </datafield>
  <datafield tag="260" ind1=" " ind2=" ">
    <subfield code="a">NEW DELHI</subfield>
    <subfield code="b">Prentice Hall</subfield>
    <subfield code="c">2005</subfield>
  </datafield>
  <datafield tag="300" ind1=" " ind2=" ">
    <subfield code="a">483</subfield>
  </datafield>
  <datafield tag="942" ind1=" " ind2=" ">
    <subfield code="2">ddc</subfield>
    <subfield code="c">BOOKS</subfield>
    <subfield code="n">0</subfield>
  </datafield>
  <datafield tag="999" ind1=" " ind2=" ">
    <subfield code="c">503</subfield>
    <subfield code="d">503</subfield>
  </datafield>
  <datafield tag="952" ind1=" " ind2=" ">
    <subfield code="0">0</subfield>
    <subfield code="1">0</subfield>
    <subfield code="2">ddc</subfield>
    <subfield code="4">0</subfield>
    <subfield code="7">0</subfield>
    <subfield code="a">001</subfield>
    <subfield code="b">001</subfield>
    <subfield code="c">GEN</subfield>
    <subfield code="d">2021-08-26</subfield>
    <subfield code="o">519.520723/MUK</subfield>
    <subfield code="p">NSCLIB00002819</subfield>
    <subfield code="r">2021-08-26 00:00:00</subfield>
    <subfield code="t">1</subfield>
    <subfield code="w">2021-08-26</subfield>
    <subfield code="y">BOOKS</subfield>
  </datafield>
  <datafield tag="952" ind1=" " ind2=" ">
    <subfield code="0">0</subfield>
    <subfield code="1">0</subfield>
    <subfield code="2">ddc</subfield>
    <subfield code="4">0</subfield>
    <subfield code="7">0</subfield>
    <subfield code="a">001</subfield>
    <subfield code="b">001</subfield>
    <subfield code="c">GEN</subfield>
    <subfield code="d">2021-09-07</subfield>
    <subfield code="l">0</subfield>
    <subfield code="o">519.520723/MUK</subfield>
    <subfield code="p">NSCLIB00002823</subfield>
    <subfield code="r">2021-09-07 00:00:00</subfield>
    <subfield code="t">14</subfield>
    <subfield code="w">2021-09-07</subfield>
    <subfield code="y">BOOKS</subfield>
  </datafield>
  <datafield tag="952" ind1=" " ind2=" ">
    <subfield code="0">0</subfield>
    <subfield code="1">0</subfield>
    <subfield code="2">ddc</subfield>
    <subfield code="4">0</subfield>
    <subfield code="7">0</subfield>
    <subfield code="a">001</subfield>
    <subfield code="b">001</subfield>
    <subfield code="c">GEN</subfield>
    <subfield code="d">2021-09-07</subfield>
    <subfield code="l">0</subfield>
    <subfield code="o">519.520723/MUK</subfield>
    <subfield code="p">NSCLIB00002822</subfield>
    <subfield code="r">2021-09-07 00:00:00</subfield>
    <subfield code="t">11</subfield>
    <subfield code="w">2021-09-07</subfield>
    <subfield code="y">BOOKS</subfield>
  </datafield>
  <datafield tag="952" ind1=" " ind2=" ">
    <subfield code="0">0</subfield>
    <subfield code="1">0</subfield>
    <subfield code="2">ddc</subfield>
    <subfield code="4">0</subfield>
    <subfield code="7">0</subfield>
    <subfield code="a">001</subfield>
    <subfield code="b">001</subfield>
    <subfield code="c">GEN</subfield>
    <subfield code="d">2021-09-07</subfield>
    <subfield code="l">0</subfield>
    <subfield code="o">519.520723/MUK</subfield>
    <subfield code="p">NSCLIB000010829</subfield>
    <subfield code="r">2021-09-07 00:00:00</subfield>
    <subfield code="t">2</subfield>
    <subfield code="w">2021-09-07</subfield>
    <subfield code="y">BOOKS</subfield>
  </datafield>
  <datafield tag="952" ind1=" " ind2=" ">
    <subfield code="0">0</subfield>
    <subfield code="1">0</subfield>
    <subfield code="2">ddc</subfield>
    <subfield code="4">0</subfield>
    <subfield code="7">0</subfield>
    <subfield code="a">001</subfield>
    <subfield code="b">001</subfield>
    <subfield code="c">GEN</subfield>
    <subfield code="d">2021-09-07</subfield>
    <subfield code="l">0</subfield>
    <subfield code="o">519.520723/MUK</subfield>
    <subfield code="p">NSCLIB000010834</subfield>
    <subfield code="r">2021-09-07 00:00:00</subfield>
    <subfield code="t">4</subfield>
    <subfield code="w">2021-09-07</subfield>
    <subfield code="y">BOOKS</subfield>
  </datafield>
  <datafield tag="952" ind1=" " ind2=" ">
    <subfield code="0">0</subfield>
    <subfield code="1">0</subfield>
    <subfield code="2">ddc</subfield>
    <subfield code="4">0</subfield>
    <subfield code="7">0</subfield>
    <subfield code="a">001</subfield>
    <subfield code="b">001</subfield>
    <subfield code="c">GEN</subfield>
    <subfield code="d">2021-09-07</subfield>
    <subfield code="l">0</subfield>
    <subfield code="o">519.520723/MUK</subfield>
    <subfield code="p">NSCLIB000010830</subfield>
    <subfield code="r">2021-09-07 00:00:00</subfield>
    <subfield code="t">8</subfield>
    <subfield code="w">2021-09-07</subfield>
    <subfield code="y">BOOKS</subfield>
  </datafield>
  <datafield tag="952" ind1=" " ind2=" ">
    <subfield code="0">0</subfield>
    <subfield code="1">0</subfield>
    <subfield code="2">ddc</subfield>
    <subfield code="4">0</subfield>
    <subfield code="7">0</subfield>
    <subfield code="a">001</subfield>
    <subfield code="b">001</subfield>
    <subfield code="c">GEN</subfield>
    <subfield code="d">2021-09-07</subfield>
    <subfield code="l">0</subfield>
    <subfield code="o">519.520723/MUK</subfield>
    <subfield code="p">NSCLIB000010831</subfield>
    <subfield code="r">2021-09-07 00:00:00</subfield>
    <subfield code="t">9</subfield>
    <subfield code="w">2021-09-07</subfield>
    <subfield code="y">BOOKS</subfield>
  </datafield>
  <datafield tag="952" ind1=" " ind2=" ">
    <subfield code="0">0</subfield>
    <subfield code="1">0</subfield>
    <subfield code="2">ddc</subfield>
    <subfield code="4">0</subfield>
    <subfield code="7">0</subfield>
    <subfield code="a">001</subfield>
    <subfield code="b">001</subfield>
    <subfield code="c">GEN</subfield>
    <subfield code="d">2021-09-07</subfield>
    <subfield code="o">519.520723/MUK</subfield>
    <subfield code="p">NSCLIB000010832</subfield>
    <subfield code="r">2021-09-07 00:00:00</subfield>
    <subfield code="t">6</subfield>
    <subfield code="w">2021-09-07</subfield>
    <subfield code="y">BOOKS</subfield>
  </datafield>
  <datafield tag="952" ind1=" " ind2=" ">
    <subfield code="0">0</subfield>
    <subfield code="1">0</subfield>
    <subfield code="2">ddc</subfield>
    <subfield code="4">0</subfield>
    <subfield code="7">0</subfield>
    <subfield code="a">001</subfield>
    <subfield code="b">001</subfield>
    <subfield code="c">GEN</subfield>
    <subfield code="d">2021-09-07</subfield>
    <subfield code="o">519.520723/MUK</subfield>
    <subfield code="p">NSCLIB000010833</subfield>
    <subfield code="r">2021-09-07 00:00:00</subfield>
    <subfield code="t">5</subfield>
    <subfield code="w">2021-09-07</subfield>
    <subfield code="y">BOOKS</subfield>
  </datafield>
  <datafield tag="952" ind1=" " ind2=" ">
    <subfield code="0">0</subfield>
    <subfield code="1">0</subfield>
    <subfield code="2">ddc</subfield>
    <subfield code="4">0</subfield>
    <subfield code="7">0</subfield>
    <subfield code="a">001</subfield>
    <subfield code="b">001</subfield>
    <subfield code="c">GEN</subfield>
    <subfield code="d">2021-09-07</subfield>
    <subfield code="o">519.520723/MUK</subfield>
    <subfield code="p">NSCLIB000010835</subfield>
    <subfield code="r">2021-09-07 00:00:00</subfield>
    <subfield code="t">13</subfield>
    <subfield code="w">2021-09-07</subfield>
    <subfield code="y">BOOKS</subfield>
  </datafield>
  <datafield tag="952" ind1=" " ind2=" ">
    <subfield code="0">0</subfield>
    <subfield code="1">0</subfield>
    <subfield code="2">ddc</subfield>
    <subfield code="4">0</subfield>
    <subfield code="7">0</subfield>
    <subfield code="a">001</subfield>
    <subfield code="b">001</subfield>
    <subfield code="c">GEN</subfield>
    <subfield code="d">2021-09-07</subfield>
    <subfield code="o">519.520723/MUK</subfield>
    <subfield code="p">NSCLIB000010864</subfield>
    <subfield code="r">2021-09-07 00:00:00</subfield>
    <subfield code="t">7</subfield>
    <subfield code="w">2021-09-07</subfield>
    <subfield code="y">BOOKS</subfield>
  </datafield>
</record>
